000 00725cam a22002412 4500
001 0000004568
005 20151021151104.0
008 070525s xx 000 0 eng d
020 _a8127226249 :
_cKES 1,230
040 _aKABU
_cKABU
050 0 _aHF5635
_b.J35 2006
100 1 _aJain, S. P.
_@0000151880
245 1 0 _aAdvanced accountancy :
_bvolume II; corporate accounting /
_cS. P. Jain, K. L. Narang.
250 _a15th ed.
260 _aNew Delhi :
_bKalyani,
_c2006.
300 _a1230 p.
362 0 _avol. II.
650 0 _aAccounting.
_@0000148321
700 1 _aNarang, K. L.
_@0000155196
908 _a070525
950 _@1
999 _c547
_d547